Statistics for Countries with Monarchs

Click here to take the quiz!

General Stats

  • This quiz has been taken 62 times
  • The average score is 28 of 43

Answer Stats

Answer% Correct
UK
97%
Belgium
92%
Netherlands
92%
Norway
92%
Spain
92%
Sweden
90%
Monaco
87%
Denmark
85%
Saudi Arabia
83%
Andorra
78%
Australia
78%
Japan
78%
Canada
75%
Luxembourg
75%
Qatar
75%
Thailand
73%
New Zealand
72%
Oman
70%
UAE
70%
Kuwait
68%
Swaziland
68%
Jordan
67%
Tonga
67%
Brunei
65%
Lesotho
63%
Morocco
63%
Barbados
57%
Bhutan
57%
Cambodia
57%
Liechtenstein
57%
Malaysia
53%
Bahamas
52%
Jamaica
52%
St Lucia
52%
Antigua and Barbuda
50%
St Kitts and Nevis
50%
Grenada
48%
Tuvalu
48%
St Vincent and Grenadines
47%
Solomon Islands
42%
Belize
37%
Papua New Guinea
37%
Switzerland
27%

Score Distribution

Percentile by Number Answered

Percent of People with Each Score

Your Score History

You have not taken this quiz